[Event "Dyfed Open"]
[Site "?"]
[Date "2018.02.16"]
[Round "1"]
[White "Van Kemenade, Julie"]
[Black "Brown, Thomas"]
[Result "1-0"]
[WhiteElo "1692"]
[BlackElo "2085"]
[Annotator "Rudy"]
[PlyCount "87"]
[EventDate "2018.??.??"]

1. e4 c6 2. d3 (2. Qe2 d5 3. d3 g6 4. Nf3 Bg7 5. g3 Qc7 6. Nc3 d4 7. Nb1 e5 8.
Bg2 Ne7 9. O-O O-O 10. Nbd2 Bg4 11. h3 Be6 12. Ne1 {Van Kemenade-Sen, Dyfed
League 2015,1-0}) 2... g6 3. Nf3 Bg7 4. g3 d5 5. Qe2 (5. Nbd2) 5... Bg4 6. Bg2
Nf6 (6... e6 7. O-O Ne7 8. c3 O-O 9. h3 Bxf3 10. Qxf3 Nd7 11. Qe2 Nc5 12. e5 d4
13. c4 a5 14. b3 {Ivanov-Novitzkij, EU ch blitz, Minsk 2015,1/2-1/2}) 7. Nbd2 (
7. h3 Bxf3 8. Bxf3 e6 9. O-O O-O 10. Bg2 c5 11. e5 Nfd7 12. f4 Nc6 13. c3 {
Orlov-Tkachev, St Petersburg March op 2009,1-0}) 7... Na6 (7... dxe4 8. dxe4 e5
9. h3 Bxf3 10. Nxf3 Qc7 11. O-O Nbd7 12. Re1 O-O 13. a4 Rfe8 {Fiedler-Kochseder
iedler-Kochseder, Oberfranken ch, Schney 1993,1/2-1/2}) (7... O-O 8. h3 Bxf3 9.
Nxf3 e5 10. O-O Re8 11. Nh2 Nbd7 12. Ng4 {Alekseev-Landa, EU cup, Kallithea
2008,1/2-1/2}) 8. h3 Nb4 (8... Bxf3 9. Nxf3 dxe4 10. dxe4 Nd7 11. O-O O-O 12.
e5 Nac5 13. b3 Qc7 14. Bb2 Rad8 15. h4 {Dzhumaev-Santanu, New Delhi Parsvnath
op 2012,1-0}) 9. Nf1 (9. O-O $16 {Komodo11} Nxc2 (9... Bc8 10. e5 Nd7 11. Nb3
c5 12. c3 Nc6 13. c4 $16) 10. e5 Bf5 11. exf6 Bxf6 12. Rb1 $16 {Komodo11}) 9...
Bxf3 (9... Qa5 $17 {Komodo11} 10. c3 (10. Bd2 Nxc2+ 11. Kd1 Qa4 12. b3 Bxf3 13.
Bxf3 Qd4 14. Rc1 Nb4 $19) (10. Kd1 Bxf3 11. Bxf3 dxe4 12. dxe4 Qa4 13. Qc4 Rd8+
14. Nd2 b5 15. Qb3 Qa5 16. a3 Na6 17. Ke2 O-O $15) 10... Nxd3+ 11. Qxd3 dxe4
12. Qe2 exf3 13. Bxf3 Bxf3 14. Qxf3 O-O $17 {Komodo11}) 10. Bxf3 a5 (10... Qa5
11. c3 Nxd3+ 12. Qxd3 dxe4 13. Bxe4 Rd8 14. Qe2 Nxe4 15. Qxe4 Bxc3+ 16. bxc3
Qxc3+ 17. Nd2 Qxa1 18. O-O Qd4 19. Qb1 Qd7 20. Ne4 O-O $11 {Komodo11}) 11. a3 (
11. e5 Nd7 12. c3 Na6 13. d4 $14 {Komodo11}) 11... Na6 12. Nd2 (12. e5) 12...
O-O 13. O-O Nc5 14. Bg2 (14. e5 Nfd7 15. d4 Ne6 16. c3 a4 $11 (16... Nb6 $11 {
Komodo11})) 14... dxe4 15. dxe4 e5 16. Nc4 Qc7 17. Bg5 b5 (17... Ne6 18. Be3 b5
19. Nd2 Rfd8 $11) 18. Bxf6 Bxf6 19. Ne3 Ne6 20. c3 Rfd8 (20... a4) 21. h4 h5
22. Qf3 Be7 23. Bh3 (23. Nf5 $6 gxf5 24. exf5 Ng7 25. f6 e4 26. Qxe4 Bxf6 27.
Qxc6 Qxc6 28. Bxc6 Rab8 $17) 23... Nc5 $15 24. Rad1 (24. g4 Bxh4 25. gxh5 Qe7
26. Qg4 Qg5 27. hxg6 fxg6 28. Rad1 Kg7 29. Qxg5 Bxg5 30. Rxd8 Rxd8 31. Rd1
Rxd1+ 32. Nxd1 a4 $15 {Komodo11}) 24... Rxd1 (24... Na4 25. Qe2 Bc5 26. Ng2 Bb6
27. Qc2 Nc5 28. Ne3 Kg7 29. Bg2 Qe7 $15 {Komodo11}) 25. Rxd1 Rd8 26. b4 Na4 27.
Rxd8+ Qxd8 28. g4 (28. bxa5 $11 {Komodo11} Bc5 (28... Qxa5 29. g4 hxg4 30. Qxg4
Qxc3 31. h5 Bc5 32. hxg6 Bxe3 33. gxf7+ Kxf7 34. Qf5+ Kg7 35. Qg4+ $11) (28...
Bxa3 29. g4 Qxh4 30. gxh5 gxh5 (30... Qxh5 31. Ng4 Kf8 32. Qg3 Qg5 33. Qxe5
Qxe5 34. Nxe5 $14) 31. a6 Bc5 32. Nf5 Qg5+ 33. Kh2 Kf8 34. Qd3 Bxf2 35. Bg2
Qf4+ 36. Kh1 Qc1+ 37. Bf1 Qg5 38. Bg2 $11) 29. a6 Nxc3 30. Nf5 Qd2 31. Nh6+ Kg7
32. Qxf7+ Kxh6 33. Qf6 Kh7 34. Qf7+ $11) 28... axb4 (28... hxg4 29. Nxg4 Bxh4
30. bxa5 Qxa5 31. Nh6+ Kh7 32. Qxf7+ Kxh6 33. Qf8+ Kh7 34. Qf7+ $11 {Komodo11})
29. cxb4 Bxh4 (29... hxg4 30. Nxg4 Bxh4 31. Nxe5 Qg5+ 32. Ng4 Nb6 33. Qe3 Nc4
34. Qxg5 Bxg5 35. Bf1 f5 (35... Nxa3 36. Ne5 $11) 36. exf5 gxf5 37. Nh2 Nxa3
38. Bg2 Be7 39. Bxc6 Bxb4 $15 {Komodo11}) 30. gxh5 Qg5+ 31. Ng2 (31. Kf1 Qxh5
32. Qxh5 gxh5 33. Bd7 $11 {Komodo11}) (31. Kh2 Qxh5 32. Qxh5 gxh5 33. Bd7 Bxf2
34. Nf5 c5 35. Bxb5 Nc3 36. Bd3 cxb4 37. axb4 Kh7 38. Kg2 $11 {Komodo11}) 31...
gxh5 32. Kh2 (32. Bd7 Kf8 33. Kh2 Qf6 34. Qxf6 Bxf6 35. Bxc6 $11 {Komodo11})
32... Nb6 $15 33. Qe2 (33. Bf5 Qf6 34. Kg1 Bg5 35. Qxh5 Kf8 {Komodo11}) 33...
Nc4 (33... Qf6 34. Bf5 Bg5 35. Qxh5 Kf8) 34. a4 (34. Bf5 Qf6 (34... Nxa3 35.
Kh3 $16) 35. a4 $11 {Komodo11} Bg5 36. a5 c5 37. bxc5 Nxa5 38. Qxb5 Nc6 39. Qe2
Qh6 $11) 34... Nd6 (34... bxa4 $1 {Komodo11, a dangerous a pawn} 35. Nxh4 (35.
Qxc4 Bxf2 36. Qc3 h4 37. Kh1 Qg3 38. Qxg3+ hxg3 $19) 35... Qxh4 36. Qxc4 Qxf2+
37. Bg2 h4 38. Qxc6 Qg3+ 39. Kh1 a3 40. Qd5 h3 41. Bf1 Qf3+ 42. Kg1 Qe3+ 43.
Kh1 Qc1 44. Qc4 $11 Qf4 45. Bxh3 Qe3 46. Bg2 Qe1+ 47. Kh2 Qh4+ $11 {Komodo11})
35. a5 $1 $16 {now Wh has a dangerous a pawn} Qf6 (35... Nxe4 36. Qxe4 Bxf2 37.
Qf3 Ba7 38. Bd7 Qe7 39. Bxc6 (39. Qxc6) 39... Qxb4 40. Bd5 Qe7 41. Qxh5 $18 {
Komodo11}) 36. Bf5 (36. Kg1 Nxe4 37. Nxh4 Qxh4 38. Bg2 Nd6 39. Qxe5 Qxb4 40. a6
Qa3 41. Qg5+ Kf8 42. Bxc6 h4 (42... Qxa6 43. Qd8+ Kg7 44. Qxd6 b4 45. Qe5+ $16)
43. Qd8+ Kg7 44. Qd7 Qc1+ 45. Kg2 Qg5+ 46. Kh3 Nc4 47. Qd4+ Ne5 48. Bd5 $18 {
Komodo11}) 36... Nxf5 37. exf5 e4 (37... Qd8 38. a6 Be7 39. Qe3 Qd7 40. a7 Qb7
41. Qg3+ Kh7 42. f6 Bxf6 43. Qa3 Qa8 44. Qd3+ Kg7 45. Qd7 Bd8 46. Ne3 Bb6 47.
Nf5+ Kf6 48. Nd6 Qxa7 {the a pawn hasured the defenders away from their K} 49.
Qf5+ Kg7 50. Qg5+ Kf8 51. Qh6+ Kg8 (51... Ke7 52. Nc8+) 52. Nf5 f6 53. Qxf6
Bxf2 54. Ne7+ {wins the Q or mates- Komodo11}) 38. a6 $18 Bg5 39. Qxe4 c5 (
39... Qa1 40. Nf4 $1 Kh7 (40... Qxa6 41. Qe8+ Kg7 42. Nxh5+ Kh6 43. Qh8#) (
40... Bxf4+ 41. Qxf4 Qxa6 42. Qg3+ Kf8 43. f6 Qb6 44. Qd6+ Kg8 45. Kg2 Qb7 46.
Qg3+ Kf8 47. Qg7+ Ke8 48. Qg8+ Kd7 49. Qxf7+ Kc8 50. Qxb7+ (50. Qe8+) 50...
Kxb7 51. f7 $18 {Komodo11}) 41. Nxh5 Kh6 42. Ng3 Qxa6 43. Qg4 Bd8 44. f6 Bxf6
45. Qf4+ Bg5 46. Qxf7 Bd2 47. Nf5+ Kg5 48. Ne7 $18 {Komodo11- again, Bl's Q is
miles away}) 40. Qe8+ (40. a7) 40... Kg7 41. a7 Qd6+ 42. Kh3 (42. Kh1 Qd1+ 43.
Ne1) 42... Qd3+ 43. Ne3 Qb1 (43... Bxe3 44. Qxe3 Qd5 45. Kh2 Qa2 46. Qg5+ Kh7
47. Qxh5+ Kg7 48. Qg5+ Kh7 49. Qh4+ Kg7 50. f6+ Kg6 51. Qg4+ Kh6 52. Qh3+ Kg6
53. Qg2+ Kf5 54. a8=Q {Komodo11}) 44. a8=Q 1-0

[Event "Dyfed Open"]
[Site "?"]
[Date "2018.02.16"]
[Round "1"]
[White "Young, Alan"]
[Black "Howell, Alun"]
[Result "1-0"]
[WhiteElo "2036"]
[BlackElo "1691"]
[Annotator "Rudy"]
[PlyCount "65"]
[EventDate "2018.??.??"]

1. e4 c5 2. Nf3 d6 3. d4 cxd4 4. Nxd4 Nf6 5. Nc3 a6 6. h3 g6 (6... e6) (6... e5
) 7. g4 Bg7 8. Be3 Nc6 9. Bg2 (9. Qd2 O-O 10. O-O-O) 9... O-O 10. O-O Bd7 11.
a4 (11. Nde2) (11. Qd2) 11... Qc7 $146 (11... Rc8) 12. g5 Ne8 13. Nd5 $14 Qd8
14. Nxc6 Bxc6 15. c3 b5 16. axb5 (16. Nb4 Bb7 17. axb5 axb5 18. Qe2 Nc7 19. h4
$14 {Komodo11}) 16... Bxb5 17. Re1 e6 18. Nb4 (18. c4 Bc6 19. Nb4 Bb7 20. Qe2
Qe7 21. Nd3 Rc8 22. Rec1 f5 23. gxf6 Nxf6 24. e5 Ne4 25. Qg4 d5 26. cxd5 exd5
27. Rxc8 Bxc8 28. Qd1 Rf7 29. Qb3 $14 {Komodo11}) 18... a5 19. Nc2 Rb8 $11 20.
Nd4 Qc7 (20... Bd7 $11) 21. Nxb5 Rxb5 22. Qd2 $16 f6 (22... f5 $5) 23. h4 fxg5
24. hxg5 Rf7 25. Reb1 $16 (25. Bf1 $16) 25... Rd7 26. Ra4 (26. Qe2 Qb8 27. Bf1
Rb3 28. Bh3 Nc7 29. Rxa5 Bxc3 30. Ra7 Rb7 31. Rxb7 Qxb7 32. Qc4 Bb4 33. Bxe6+
Nxe6 34. Qxe6+ Rf7 35. Rd1 $16 {Komodo11}) 26... d5 {missing a chance} (26...
Bxc3 27. Qe2 Rb4 28. Rxb4 Bxb4 29. Rc1 Qd8 30. Qc4 Qe7 31. Bh3 Ng7 $11 {
komodo11}) 27. Qd3 $18 Qb7 28. exd5 exd5 29. c4 Rxb2 30. Rxb2 (30. Bxd5+ Kh8 (
30... Rxd5 31. Rxb2 Rxg5+ 32. Bxg5 Bxb2 33. Rxa5 $18) 31. Bxb7 Rxd3 32. Rxb2
Bxb2 33. Rxa5 $18 {Komodo11}) 30... Qxb2 31. cxd5 (31. Rxa5 $18) 31... Nc7 (
31... Qe5 32. Qa6 Re7 33. Qxa5 $18 {Komodo11}) 32. d6 Nb5 33. Qc4+ (33. Qd5+ $1
{Komodo11}) 1-0

[Event "Dyfed Open"]
[Site "?"]
[Date "2018.02.16"]
[Round "1"]
[White "Morgans, Justin"]
[Black "Musson, Adam J"]
[Result "0-1"]
[WhiteElo "1668"]
[BlackElo "2020"]
[Annotator "Rudy"]
[PlyCount "84"]
[EventDate "2018.??.??"]

1. f4 d5 2. Nf3 Nc6 3. c3 Nf6 4. e3 g6 5. d4 Bg7 6. Be2 (6. Bd3 {main}) 6...
O-O 7. O-O b6 (7... Ne4) (7... Bf5) 8. Ne5 (8. c4 Bb7 9. a3 a5 10. Nc3 Ba6 11.
b3 Qd7 12. Ne5 Nxe5 13. fxe5 Ne4 14. Bb2 {Scholz-Werner, Eschborn op 2016,1-0})
8... Bb7 9. Nd2 e6 (9... Nxe5 10. fxe5 Nd7 11. c4 c5 12. Bf3 e6 13. cxd5 exd5
14. Qb3 c4 15. Qd1 Rc8 16. Nb1 b5 $2 (16... f6 $17) 17. Nc3 {Melo-Sallaberry,
Jaoa Pessoa Fischer mem 2016,1-0}) 10. Ndf3 Ne7 $15 11. Bd2 Ne4 12. Bd3 f6 13.
Ng4 Qd7 14. Nf2 Rae8 (14... c5) 15. Qc2 f5 (15... Nxd2 16. Qxd2 c5 {breaks
symmetry}) 16. Rae1 c5 17. Ne5 $11 Bxe5 18. fxe5 Rc8 19. Nh3 Nc6 20. Bxe4 (20.
Qd1) 20... fxe4 21. Qa4 $2 (21. Rxf8+ Rxf8 22. Rf1 $11 {Komodo11}) 21... Nxe5
22. Qxd7 (22. Qxa7 Nc4 $19 {Q & B both threatened}) 22... Nxd7 23. Ng5 Ba6 24.
Rf4 Rxf4 (24... h6 $1 25. Rxf8+ (25. Nxe6 Rfe8 $19) 25... Nxf8 $19 {Komodo11})
25. exf4 Nf8 $17 26. Be3 h6 27. Nh3 Kg7 28. Kf2 Nd7 29. g4 Bd3 30. Kg3 Rf8 31.
Nf2 c4 32. h4 b5 (32... Nf6) 33. h5 gxh5 34. gxh5 Rf5 $19 35. Kh4 Nf6 36. Rg1+
Kh7 37. Ng4 Nxh5 (37... Rxh5+ 38. Kg3 Nxg4 39. Kxg4 Be2+ 40. Kg3 a5 41. Re1 Bf3
42. b3 Rf5 $19 {Komodo11}) 38. Rh1 Be2 39. Rh2 (39. Ne5 Nxf4) 39... Bf3 (39...
Bxg4 {gets rid of Bl's bad B, leaving Wh with his}) 40. Ne5 Nxf4 41. Nxf3 Ng6+
(41... exf3 42. Kg3 Nh5+ 43. Kf2 Nf6 44. Rxh6+ Kg7 45. Rh4 Ne4+ $19 {Komodo11})
42. Kg3 $2 (42. Kg4 Rxf3 43. Bxh6 Kg8 $19) 42... Rxf3+ 0-1

[Event "Dyfed Open"]
[Site "?"]
[Date "2018.02.16"]
[Round "1"]
[White "French, Max"]
[Black "Di-Vetta, Andrew"]
[Result "1-0"]
[WhiteElo "1997"]
[BlackElo "1665"]
[Annotator "Rudy"]
[PlyCount "65"]
[EventDate "2018.??.??"]

1. d4 e6 2. c4 Nf6 3. Nf3 b6 4. a3 Bb7 5. Nc3 Be7 6. d5 O-O 7. e4 exd5 (7... d6
{main}) 8. cxd5 d6 9. Bc4 {the B looks a bit obstructed here} (9. Bd3) (9. Be2)
9... Nbd7 10. O-O Qc8 $146 (10... Ne5) (10... Re8) 11. Nd4 $16 Ne5 12. Be2 Re8
13. f4 Ng6 14. Bb5 Rd8 15. Nc6 (15. Bc6 {ensures a permanent post on c6 for
the N}) 15... Bxc6 16. Bxc6 Rb8 17. Qc2 a6 18. Ne2 Qg4 19. Nd4 Bf8 20. Rf3 $18
Ne7 21. Rg3 (21. h3 Qh4 22. Be3 g6 23. Raf1 $18 {Komodo11}) 21... Qc8 22. Bd2
$16 Ne8 (22... g6 23. Rf1 Bg7 24. Bc3 $18) 23. Rc1 Nf6 24. Bc3 Nh5 25. Rf3 g6
26. h3 (26. f5 $18) 26... Ng7 27. f5 gxf5 28. exf5 f6 29. Re1 Kf7 30. Ne6 Nxc6
31. dxc6 Re8 (31... d5 $5) 32. Qb3 (32. Ng5+ Kg8 33. Qb3+ {Komodo11}) 32...
Nxe6 33. fxe6+ {Bl has been systematically squashed} 1-0

[Event "Dyfed Open"]
[Site "?"]
[Date "2018.02.16"]
[Round "1"]
[White "Jones, Gavin"]
[Black "Van Kemenade, Rudy"]
[Result "0-1"]
[WhiteElo "1658"]
[BlackElo "1981"]
[Annotator "Rudy"]
[PlyCount "48"]
[EventDate "2018.??.??"]

1. e4 e5 2. Nf3 Nf6 3. Nxe5 d6 4. Nf3 Nxe4 5. d4 d5 6. Bd3 Nc6 7. O-O Bg4 8.
Re1 f5 9. Nbd2 Be7 10. c4 Nb4 11. Bxe4 dxe4 {looking at d4} (11... fxe4 12.
Qa4+ Bd7 (12... b5 13. cxb5 Nd3 14. Re3 O-O $19) 13. Qb3 Nd3 14. Re3 Bc6 15. c5
Nxc5 16. dxc5 exf3 17. Nxf3 O-O $15 {Komodo11 & partial pm analysis}) 12. Qa4+
c6 (12... Qd7 13. Qxd7+ Kxd7 14. Ne5+ Kc8 15. Nxg4 Nc2 16. Ne3 Nxe1 17. Nxf5
Bb4 18. Nxe4 Nc2 19. Rb1 g6 20. Nfg3 Nxd4 $17 {Komodo11}) 13. Nxe4 (13. Ne5
Qxd4 14. Nxg4 Nd3 15. Re2 fxg4 16. Nxe4 O-O $11 {Komodo11}) 13... Bxf3 {second
idea} (13... fxe4 $19 14. Ne5 Bf5 15. a3 Qxd4 16. Bf4 Nd3 17. Nxd3 Qxd3 18.
Rad1 b5 19. cxb5 Qxb5 $19 {Komodo11}) 14. Ng5 (14. Ng3 O-O 15. gxf3 Nd3 16. Rd1
Qxd4 17. Be3 Qxb2 18. c5 Qb4 19. Qc2 Ne5 $15 {Komodo11}) (14. Nc5 {Rudy} Be4 (
14... O-O {considered} 15. Ne6 (15. Qxb4 Qxd4 $15 16. Be3 Qg4 17. g3 Qh3) 15...
Qe8 16. Nxf8 Be4 17. Ne6 Nd3 18. Nc7 Qf7 (18... Qg6 19. Rxe4 fxe4 20. Nxa8 $18)
19. Bg5 Nxe1 20. Rxe1 Rd8 21. Bxe7 Qxe7 22. Qa5 Rxd4 23. f3 Rxc4 24. Kh1 h6 $11
25. fxe4 Rxe4 26. Rxe4 fxe4 $17) 15. Qxb4 b6 16. f3 bxc5 17. dxc5 Bxf3 18. gxf3
O-O $11 {Komodo11}) 14... Be4 $19 15. Nxe4 fxe4 (15... Nd3 16. Nd6+ Qxd6 17. c5
Qd7 18. Bg5 Nxe1 19. Rxe1 O-O 20. Rxe7 Rae8 $17 {Komodo11}) 16. Rxe4 O-O $17
17. Qb3 Qd7 (17... a5 18. a3 a4) 18. a3 Na6 19. Bf4 Bf6 20. Rd1 Rad8 $19 21.
Qg3 Nc5 $1 22. Ree1 Ne6 23. Bc1 Nxd4 24. c5 (24. Kh1) 24... Ne2+ 0-1

[Event "Dyfed Open"]
[Site "?"]
[Date "2018.02.16"]
[Round "1"]
[White "Miles, Richard"]
[Black "Denham, Colin"]
[Result "1-0"]
[WhiteElo "1960"]
[BlackElo "1653"]
[Annotator "Rudy"]
[PlyCount "71"]
[EventDate "2018.??.??"]

1. d4 Nf6 2. c4 e6 3. Nf3 d6 {a little passive} 4. g3 c6 5. Bg2 d5 {Bl is now
a move behind in a Catalan, though the closed variation limits some of the
immmediate damage. Wh is very comfortable & won all 5 games from this postion}
6. Qc2 Nbd7 7. O-O Be7 8. b3 Nf8 {its not clear that the N will be better
placed on g6, so Bl gets futher bhind in development with this} 9. Bb2 Ng6 10.
Nbd2 O-O 11. e4 {Wh has just carried on with preparing this break} dxe4 12.
Nxe4 Nxe4 13. Qxe4 Bf6 14. Rad1 $16 Qc7 15. h4 (15. Ne5) (15. Rfe1) 15... Rd8
16. h5 Nf8 17. Ne5 {Wh has a huge grip on the position} Qa5 18. Qc2 (18. h6 {
Komodo11} Qxa2 19. Qc2 Qa5 20. hxg7 Ng6 21. Bc3 Qc7 22. c5 $16) 18... Nd7 {
back to d7} 19. Bc3 $18 Qc7 20. Ng4 (20. h6) 20... Be7 (20... h6 $5) 21. h6 g6
22. Rfe1 f5 23. Nh2 (23. Rxe6 Nc5 24. Ba5 Nxe6 25. Bxc7 Nxc7 26. Ne3 $18 {
Komodo11, but why risk things when Wh has a near total bind?}) 23... Nf6 24.
Qb2 (24. d5 cxd5 25. Qb2 Nh5 26. cxd5 Bg5 27. Be5 Qf7 28. d6 $18 {Komodo11})
24... Rf8 25. d5 $1 $18 {Bl is missing his Q side pieces, so a breaking open
must be decisive} cxd5 (25... Nh5 26. Be5 Bd6 27. Bxd6 Qxd6 28. dxc6 Qe7 29.
cxb7 Bxb7 30. Bxb7 Qxb7 31. Rxe6 $18 {Komodo11}) 26. cxd5 exd5 (26... f4 27. g4
f3 28. Be5 Bd6 29. Nxf3 $18 {Komodo11}) 27. Be5 (27. Bxf6 Bxf6 28. Bxd5+ Be6 (
28... Kh8 29. Qxf6+ Rxf6 30. Re8+ Rf8 31. Rxf8#) 29. Rxe6 Bxb2 30. Re7+ Kh8 31.
Rxc7 $18 {Komodo11}) 27... Qb6 28. Bxd5+ Nxd5 29. Rxd5 Be6 {liberty for the B?}
30. Bd4 Qc6 31. Rde5 Rf6 32. Qe2 (32. Bc5 $1 {Komodo11} Bf8 (32... Bxc5 33.
Rxe6 Qc7 34. Qxf6) 33. Bxf8 Bd5 (33... Raxf8 34. Rxe6) 34. Be7 $18) 32... Kf7
33. Nf3 (33. Re3 Bb4 34. Nf3 Qa6 35. Ng5+ Kg8 36. Bxf6 $18 {Komodo11}) 33...
Bb4 34. Ng5+ Kg8 35. Rxe6 Rxe6 36. Qxe6+ 1-0

[Event "Dyfed Open"]
[Site "?"]
[Date "2018.02.16"]
[Round "1"]
[White "Miller, John S"]
[Black "Bourne, Johnathan D"]
[Result "0-1"]
[WhiteElo "1648"]
[BlackElo "1957"]
[Annotator "Rudy"]
[PlyCount "90"]
[EventDate "2018.??.??"]

1. d4 Nf6 2. Bf4 g6 3. Nf3 Bg7 4. e3 c5 5. c3 b6 6. Nbd2 Bb7 7. h3 (7. Bd3)
7... O-O 8. Be2 d5 9. O-O Nc6 10. Re1 (10. Ne5 {main}) 10... Nd7 11. Bb5 a6 12.
Ba4 (12. Bxc6) (12. Bd3) (12. Bf1 {also played}) 12... b5 (12... Re8 13. Rc1
Rc8 14. Bc2 e5 {Tjornsted-Jessen, Politiken Cup 2000,1/2-1/2}) 13. Bc2 e5 14.
dxe5 Ndxe5 15. e4 (15. Nxe5 Nxe5 16. Nf3 Nc4 17. Rb1 Re8 18. Bd3 $11 {Komodo11}
) 15... d4 16. cxd4 cxd4 17. Nxe5 Nxe5 18. Bxe5 Bxe5 19. Bd3 $11 (19. Nf3 $11)
19... Re8 20. Rf1 (20. Nf3 Bg7 21. a4) 20... Qd6 (20... Bf4 $15) 21. Qe2 f5 $17
(21... Bh2+ 22. Kh1 Bf4 23. a4 bxa4 24. Rxa4 Bxd2 25. Qxd2 Bc6 26. Rc4 Bxe4 $17
{Komodo11}) 22. f3 (22. a4) 22... Bf4 23. Rfe1 Rac8 24. Rad1 Re7 25. a4 bxa4
26. Nc4 Qf6 $19 (26... Qb4 $19) 27. Qc2 Qh4 (27... fxe4 28. fxe4 Qh4 29. Rf1
Qg3 30. Rxf4 Qxf4 31. Rf1 Qg3 $19 {Komodo11}) 28. Qf2 Bg3 (28... Qxf2+ 29. Kxf2
fxe4 30. fxe4 Rf8 31. Kg1 Kg7 $19 {Komodo11}) 29. Qxd4 Bxe1 30. Nd6 Bf2+ (30...
Rd7 31. Bc4+ Rxc4 32. Qxc4+ Kf8 33. Qd4 Qf2+ 34. Qxf2 Bxf2+ 35. Kxf2 fxe4 36.
fxe4 Bxe4 $17 {Komodo11}) 31. Qxf2 Qxf2+ 32. Kxf2 Rb8 (32... Rc6) 33. exf5 Bc6
(33... Kg7) 34. f6 (34. Rd2 Rd7 35. Nc4 Bb5 36. fxg6 hxg6 37. Ne5 Rd5 38. f4
Re8 $17 {Komodo11}) 34... Rxb2+ $19 35. Kg3 Re5 (35... Rd7 $19 36. Nc4 Rb5 37.
Ne3 Rc5 38. Bc4+ Kf8 39. Ra1 Bb5 {Komodo11}) 36. h4 (36. Bc4+ Kf8 37. Nf7 Rd5
38. Bxd5 Bxd5 39. Ne5 $14 (39. Rxd5 Kxf7 40. Ra5 Rb4 41. Rxa6 h5 $11)) (36. Rc1
$1 Rb6 {other moves lose} 37. Nc8 Bb5 38. Nxb6 Bxd3 39. Nxa4 Kf7 40. Nc5 Bf5 (
40... Rd5 41. Nxd3 Rxd3 42. Rc7+ Kxf6 43. Rxh7 $16) 41. Kf4 Kxf6 42. g4 (42. h4
h6 43. g4 g5+) 42... g5+ 43. Kg3 Be6 44. Nxa6 $14 {Komodo11}) 36... Bd5 (36...
Rb8 $17) 37. Rc1 {one move too late & missing another chance} (37. Nc4 $1 Bxc4
38. Bxc4+ Kf8 39. Rd8+ Re8 40. Rd7 Rc8 41. Be6 Re8 42. Rf7+ Kg8 43. Rg7+ Kh8 (
43... Kf8 44. Rg8#) 44. f7 Rbb8 45. fxe8=Q+ Rxe8 46. Rd7 Rxe6 47. Rd4 a3 48.
Ra4 Re3 49. Rxa6 $11 {Komodo11}) 37... Rb8 $19 38. Rc7 Re6 (38... Rd8 $19) (
38... Rf8 $19) 39. f7+ $2 (39. Rg7+ Kf8 (39... Kh8 40. Nf7#) 40. Rf7+ $11 {
repetition}) 39... Kf8 $19 40. Ne4 Re7 (40... a3 41. Ng5 Re7 42. Nxh7+ Kxf7 43.
Ng5+ Kf6 $19) 41. Rc5 Bxf7 (41... Bxe4) 42. Ra5 Rb3 43. Nc5 (43. Bc2 Rb4 44.
Bxa4 Bc4 $19) 43... Rc3 44. Bxa6 Ra7 45. Rxa4 (45. Nxa4 Ra3 $19 {a pin from
both sides}) 45... Rxc5 0-1

[Event "Dyfed Open"]
[Site "?"]
[Date "2018.02.16"]
[Round "1"]
[White "May, Adam J"]
[Black "Andrews, Norman G"]
[Result "1-0"]
[WhiteElo "1951"]
[BlackElo "1642"]
[Annotator "Rudy"]
[PlyCount "83"]
[EventDate "2018.??.??"]

1. c4 Nf6 2. g3 e6 3. Bg2 d5 4. Nf3 c6 5. O-O Bd6 6. d4 O-O 7. Nc3 dxc4 (7...
Nbd7 {main}) 8. Nd2 Nd5 $146 (8... Nbd7) 9. Nxc4 Nxc3 10. bxc3 {but now Wh has
a powerful centre} Bc7 11. a4 a5 12. e4 (12. Ba3) 12... Nd7 13. e5 Nb6 14. Nd2
(14. Nxb6 Bxb6 15. Ba3 Re8 16. Be4 Bc7 17. Qh5 g6 18. Qf3 $16 {Komodo11}) 14...
f5 15. exf6 Qxf6 (15... gxf6 16. Ne4 Kh8 17. Qh5 $16 {Komodo11}) 16. Ne4 Qg6
17. Ng5 (17. f4 {prevents e5 to release the QB}) 17... Qf6 (17... h6 18. Be4
Qe8 19. Nf3 Nd5 20. Qc2 b5 21. axb5 cxb5 22. Ba3 Rf6 23. Bc5 Bd7 24. Rfe1 $16 {
Komodo11}) 18. Be4 (18. Qc2) 18... g6 19. Bd3 Nd5 20. Qc2 (20. Ne4 Qg7 21. Qb3
$16 e5 22. c4 Nb4 23. d5 cxd5 24. cxd5 Kh8 25. Be3 $16 {Komodo11}) 20... Ne7 (
20... e5 $11 {Komodo11}) 21. Ne4 Qg7 22. Ba3 b6 23. Rfe1 $18 Bd7 (23... e5 24.
Ng5 $18) 24. Rab1 (24. Ng5 $18) 24... Nc8 $2 (24... Rfe8 25. Bd6 Bxd6 26. Nxd6
Reb8 27. Bf1 Nd5 28. Bh3 Qf6 29. Re5 $18 {Komodo11}) 25. Bxf8 $18 Qxf8 26. Bc4
(26. Qa2) 26... Ne7 27. Qd2 (27. Ng5) 27... Nd5 28. Qg5 Bd8 29. Qd2 (29. Qg4)
29... Bc7 30. Ng5 Re8 31. Re2 Qh6 32. Rbe1 Nxc3 33. Qxc3 (33. Bxe6+ Bxe6 (33...
Kg7 34. Qxc3 Qxg5 35. Bxd7) 34. Rxe6 Rf8 35. Re8 Nd5 36. Ne6 Bf4 37. Nxf4 Nxf4
38. gxf4 $18 {Komodo11}) 33... Qxg5 34. Bxe6+ (34. Rxe6) 34... Rxe6 35. Rxe6
Bxe6 36. Rxe6 Qg4 37. Qc4 (37. Qxc6) 37... Kf8 38. Rf6+ Ke7 39. Qf7+ Kd8 40.
Qf8+ Kd7 41. Rf7+ Ke6 42. Qc8+ (42. Rxc7 {Komodo11, mating, but why not have
the Q?}) 1-0

[Event "Dyfed Open"]
[Site "?"]
[Date "2018.02.16"]
[Round "1"]
[White "Orton, Paul"]
[Black "Waterfield, John W"]
[Result "0-1"]
[WhiteElo "1608"]
[BlackElo "1919"]
[Annotator "Rudy"]
[PlyCount "84"]
[EventDate "2018.??.??"]

1. d4 g6 2. Bf4 Bg7 3. Nc3 d6 4. e4 Nd7 (4... Nc6) 5. Nf3 Ngf6 (5... e5) 6. Qd2
a6 (6... O-O 7. O-O-O Nh5 8. Bh6 {Orton-Miller, Dyfed League 2018,1-0}) (6...
c5) 7. a4 $146 {but position has been explored by Cloud Engines} (7. Bh6 {main}
) 7... b6 (7... O-O) 8. e5 Ng4 (8... Nh5 9. Bh6) 9. exd6 (9. Bc4 dxe5 10. Bd5
Rb8 (10... exf4) 11. dxe5 Ndxe5 12. Nxe5 Nxe5 13. O-O-O e6 14. Bxe5 Bxe5 15.
Bc6+ Ke7 16. Qe3 Bd6 17. Ne4 $16 {Komodo11}) 9... cxd6 10. h3 Ngf6 11. Bh6 O-O
12. Bxg7 Kxg7 $11 13. Bd3 e5 14. dxe5 dxe5 15. Ne4 Bb7 $17 {Wh is lagging in
development} 16. Qe2 Nxe4 (16... Nd5 17. O-O Qc7 18. Rfd1 Rfe8 19. c4 Nf4 20.
Qe3 Nc5 $15) 17. Bxe4 Bxe4 18. Qxe4 f5 (18... Nf6 19. Qe3 e4 20. Nd2 Rc8 21. c4
Qd3 22. Qxd3 exd3 23. O-O Rfe8 $15 {Komodo11}) 19. Qe3 (19. Qb7 $11) 19... Qc7
(19... f4 20. Qe4 Nf6 21. Qb4 e4 22. Nd4 Re8 23. O-O-O Qc7 24. Kb1 Rad8 $15 {
Komodo11}) 20. c3 (20. O-O $11 {Komodo11}) 20... Rfe8 (20... f4 21. Qe2 e4 22.
Nd4 Rae8 23. O-O (23. O-O-O Nc5 $17) 23... f3 $15 (23... Nc5 $15 {Komodo11}))
21. O-O Qc5 {cedes most of the advantage as the Wh Q is rather badly placed} (
21... Nc5 $15) 22. Rfe1 (22. Rfd1 Re7 23. Qxc5 Nxc5 24. Rd6 Rb8 25. b4 Ne4 26.
Rc6 $11 {Komodo11}) 22... e4 (22... Qxe3 23. Rxe3 e4 24. Nd4 Ne5 $15 {Komodo11}
) 23. Qxc5 (23. Rad1 Qc7 24. Qd4+ Nf6 25. Ng5 h6 26. Nh7 Kxh7 27. Qxf6 Rad8 28.
h4 $11 {Komodo11}) 23... Nxc5 $15 24. Nd4 Rac8 25. Re2 Kf6 26. g3 Nd3 27. Rd1
Re5 28. f3 {trying relief by exchanges, but goes a valuable pawn down.} exf3
29. Rxe5 Nxe5 30. Kf2 Rd8 $17 31. b3 g5 32. Ke3 g4 $19 33. hxg4 fxg4 34. Rh1
Rd7 (34... Re8 {Komodo11}) 35. Rh6+ Ng6 36. Kf2 Kg5 37. Rh1 Re7 38. Rg1 h5 39.
Rh1 h4 (39... Ne5 40. Rd1 h4) 40. gxh4+ Nxh4 (40... Kf4 $1 {Komodo11}) 41. Rg1
(41. Kg3 Nf5+ 42. Nxf5 Kxf5 43. Rh5+ Ke4 44. Rg5 Ke3 $19 {Komodo11}) 41... Kf4
42. Rh1 g3+ {Wh is in a mating net} (42... g3+ 43. Kf1 (43. Kg1 Re1#) 43... g2+
44. Kg1 Re1+ 45. Kf2 gxh1=Q 46. Ne6+ Rxe6 47. b4 Re2#) 0-1